| 000 | 00713cam a2200217 4500 | ||
|---|---|---|---|
| 008 | 090401t1987 xxu||||| |||| 00| 0 eng d | ||
| 020 | _a0946700362 | ||
| 035 | _a(Sirsi) u35261 | ||
| 041 | _aeng | ||
| 050 |
_a336.276 _c18 |
||
| 100 | _aEvans, Alec H | ||
| 245 |
_aProperty taxation 2 _binheritance tax |
||
| 260 |
_aLondon _bHenry Stewart Publications _bPortsmouth Polytechnic Department of Surveying _c1987 |
||
| 300 |
_a48p. _c22cm. |
||
| 350 | _a0 | ||
| 490 |
_aHenry Stewart Briefings for Surveyors _v14 |
||
| 520 | _aAims to provide surveyors with an overview of inheritance tax in the content of property transactions. | ||
| 690 | _aPROPERTY-PROPERTY TAXATION | ||
| 942 | _n0 | ||
| 948 | _c04/03/1997 | ||
| 999 |
_c90078 _d90078 |
||